| 000 | 00938nas a2200289 4500 | ||
|---|---|---|---|
| 001 | BR2019000618 | ||
| 003 | BR-BrBNA | ||
| 005 | 20231205131624.0 | ||
| 007 | ta | ||
| 008 | 230509b bl.|||p| |||| 00| 00por d | ||
| 040 |
_aBR-BrBNA _bpor _cBiblioteca Nacional de Agricultura |
||
| 041 | _a(Pt) | ||
| 072 | _aH20 | ||
| 100 | 1 | _aAlmeida, L.C.C. de | |
| 100 | 1 | _aNiella, G.R. | |
| 100 | 1 | _aBezerra, J.L. | |
| 245 | 1 | _aEfeito de remoções de partes doentes do cacaueiro associadas a intervalos de aplicação de óxido cuproso no controle da vassoura-de-bruxa na Bahia | |
| 650 | _aCACAU | ||
| 650 | _aVASSOURA-DE-BRUXA | ||
| 650 | _aDOENÇA DE PLANTA | ||
| 650 | _aFUNGO | ||
| 650 | _aCONTROLE QUÍMICO | ||
| 773 | 0 |
_tAgrotrópica (Brazil) _xISSN 0103-3816 _g(May-Aug 1998), v. 10(2) p. 95-102 _wBR2019000618 |
|
| 856 | 4 | 0 | _dLink DSPACE/MAPA BR2019000618 |
| 909 |
_a202311 _bLúcia _c55 _dLúcia Elande |
||
| 942 |
_2AGRIS _n0 _cANA |
||
| 999 |
_c255771 _d255771 |
||